ՀՀ Գիտությունների ազգային ակադեմիայի հիմնարար գիտական գրադարան  =   Fundamental Scientific Library of NAS RA

Революционное движение в Смоленской губернии в 1905-1907 гг. : (Record no. 422465)

MARC details
000 -LEADER
fixed length control field 01471nam a2200265 a 4500
003 - CONTROL NUMBER IDENTIFIER
control field AM-YeHGA
005 - DATE AND TIME OF LATEST TRANSACTION
control field 20250617154920.0
008 - FIXED-LENGTH DATA ELEMENTS--GENERAL INFORMATION
fixed length control field 180322s1956 ru |||||r|||||001|0|rus||
040 ## - CATALOGING SOURCE
Original cataloging agency AM-YeHGA
041 0# - LANGUAGE CODE
Language code of text/sound track or separate title rus
090 ## - LOCALLY ASSIGNED LC-TYPE CALL NUMBER (OCLC); LOCAL CALL NUMBER (RLIN)
-- 424884
245 00 - TITLE STATEMENT
Title Революционное движение в Смоленской губернии в 1905-1907 гг. :
Remainder of title [Сборник документов] /
Statement of responsibility, etc. [Редкол. : Н.М. Городской и др. ; Архивный отд. Смол. обкома КПСС ; Гос. архив Смолен. обл.].
260 ## - PUBLICATION, DISTRIBUTION, ETC.
Place of publication, distribution, etc. Смоленск :
Name of publisher, distributor, etc. Кн. изд-во,
Date of publication, distribution, etc. 1956.
300 ## - PHYSICAL DESCRIPTION
Extent 148 с. ;
Dimensions 23 см.
504 ## - BIBLIOGRAPHY, ETC. NOTE
Bibliography, etc. note Библиогр. в подстроч. примеч.
650 14 - SUBJECT ADDED ENTRY--TOPICAL TERM
Topical term or geographic name entry element История России
650 14 - SUBJECT ADDED ENTRY--TOPICAL TERM
Topical term or geographic name entry element Классовая борьба
650 14 - SUBJECT ADDED ENTRY--TOPICAL TERM
Topical term or geographic name entry element Общественно-политические движения в России
Chronological subdivision Нач. 20 в
650 14 - SUBJECT ADDED ENTRY--TOPICAL TERM
Topical term or geographic name entry element Русское революционное движение
General subdivision История
Chronological subdivision Нач. 20 в.
653 0# - INDEX TERM--UNCONTROLLED
Uncontrolled term Первая русская революция (1905-1907) - История - Смоленская губерния - Документы и материалы
700 1# - ADDED ENTRY--PERSONAL NAME
Personal name Городской, Н. М.
Relator term ред.
Relationship edt
710 2# - ADDED ENTRY--CORPORATE NAME
Corporate name or jurisdiction name as entry element Смоленский обком КПСС
Subordinate unit Архивный отдел
710 2# - ADDED ENTRY--CORPORATE NAME
Corporate name or jurisdiction name as entry element Государственный архив Смоленской области
942 ## - ADDED ENTRY ELEMENTS (KOHA)
Source of classification or shelving scheme Universal Decimal Classification
Koha item type Գրքեր / Books
Holdings
Withdrawn status Lost status Damaged status Not for loan Collection Home library Current library Date acquired Total checkouts Full call number Barcode Date last seen Price effective from Koha item type Public note
        General Fundamental Scientific Library Fundamental Scientific Library 10/06/2019   РД II/61672 FL0582909 10/06/2019 10/06/2019 Գրքեր / Books 30 Days Loan
        General Fundamental Scientific Library Fundamental Scientific Library 10/06/2019   РД II/61674 FL0582911 10/06/2019 10/06/2019 Գրքեր / Books 30 Days Loan


ՀՀ ԳԱԱ հիմնարար գիտական գրադարան
ՀՀ,Երևան 0019
Մարշալ Բաղրամյան 24/6
հեռախոս:(374-10) 52-47-50
Հետադարձ կապ

All site content, except where otherwise noted, is licensed under a
Creative Commons License